000 00421nam a2200157 i 4500
001 147194
003 ES-MaACL
005 20230906201851.0
007 t|
008 070924s1910 xxk ||||1| eng d
100 1 _aTyrrell, George.
_9111809
245 1 0 _aA much-abused letter /
_cby George Tyrrell.
260 _aLondon :
_bLongmans, Green and Co,
_c1910.
300 _a104 p. ;
_c19 cm.
852 _aES-MaACL
_jF-8999
999 _c147194
_d147194